00350nam a22001457a 45000050016000000100013000160200026000290350013000550370024000680820008000921000023001002450020001232600042001433000019001852012062904264.0 aB-464492 a9788184651553c250.00 aB-464492 adplbK. K. Pub/ Ven a131 aGriffith, Susan M. aDrops Of Being/ aIndiabSusan M. Griffith- Jonesc2009 avi,195pgc19cm